| 000 | 01414cam a2200361 a 4500 | ||
|---|---|---|---|
| 001 | EDZ0000105084 | ||
| 003 | StDuBDS | ||
| 005 | 20161031105105.0 | ||
| 006 | m||||||||d|||||||| | ||
| 007 | cr ||||||||||| | ||
| 008 | 121017s2011 enka fo| 001|0|eng|d | ||
| 020 |
_a9781446269428 (ebook) : _cNo price |
||
| 040 |
_aStDuBDS _beng _cStDuBDS _epn |
||
| 049 | _aAlfaisal Main Library | ||
| 050 | 4 | _aRC554 | |
| 082 | 0 | 4 |
_a616.85810651 _223 |
| 100 | 1 | _aBilsen, H. P. J. G. van. | |
| 245 | 1 | 0 |
_aCBT for personality disorders _h[electronic resource] / _cHenck van Bilsen and Brian Thomson. |
| 260 |
_aLondon : _bSAGE, _c2011. |
||
| 300 |
_a1 online resource (159 p.) : _bill. |
||
| 520 | 8 | _a'CBT for Personality Disorders' offers a unique overview of the treatment strategies for working with personality disorders linking these with the theory of both cognitive and behavioural approaches. | |
| 521 | _aSpecialized. | ||
| 588 | _aDescription based on print version record. | ||
| 504 | _aIncludes bibliographical references and index. | ||
| 650 | 0 |
_aPersonality disorders _xTreatment. |
|
| 650 | 0 | _aCognitive therapy. | |
| 655 | 7 |
_aElectronic books. _2local |
|
| 700 | 1 |
_aThomson, Brian, _d1958- |
|
| 710 | 2 | _aSage eBooks | |
| 776 | 0 | 8 |
_iPrint version : _z9781849202947 |
| 856 | 4 | 0 | _uhttp://ezproxy.alfaisal.edu/login?url=http://sk.sagepub.com/books/cbt-for-personality-disorders |
| 942 |
_2lcc _cEBOOKS |
||
| 999 |
_c479157 _d479157 |
||